000 02338nam0a22002771 4500
001 rc\4446233
005 20260408012808.0
021 _aRU
_b[62-78038]
035 _a(NLR Aleph) 008583683
090 _a8600861
_c8600861
100 _a20130416d1962 |||y0rusy50 ca
101 0 _arus
102 _aRU
105 _aa z |||||
200 1 _aИнструкция по опробованию, наладке, пуску и эксплуатации трубных мельниц размером 3х14 м., работающих как в открытом, так и в замкнутом цикле помола с центробежными сепараторами
_eУтв. Главстромпроектом 14/III 1962 г.
_fГл. упр. проектных и науч.-исслед. организаций по пром-сти строит. материалов и стройиндустрии при Гос. ком. Совета Министров СССР по делам строительства "Главстромпроект". Всесоюз. гос. спец. бюро по проведению пуско-наладочных и проектно-конструкторских работ в цементной пром-сти "Оргпроектцемент"
210 _aМосква
_cГосстройиздат
_d1962
215 _a76 с.
_cчерт.
_d22
300 _aНа обл. загл.: Инструкция по опробованию, наладке, пуску и эксплуатации мощного технологического оборудования цементных заводов
512 0 _aИнструкция по опробованию, наладке, пуску и эксплуатации мощного технологического оборудования цементных заводов
606 _aМельницы (дробил.), трубные
_2psbo
712 0 1 _aСССР
_bГлавное управление проектных и научно-исследовательских организаций по промышленности строительных материалов и стройиндустрии
_9846197
_3RU\NLR\AUTH\8810175077
801 0 _aRU
_bNLR
_gpsbo
801 1 _aRU
_bELAR
_2rusmarc
852 _aNLR
_j62-6/11984
942 _cBOOK
980 _aNB